LEADER 02332nam0 22004573i 450 001 MIL0073488 005 20251003044222.0 020 $aIT$b844899 100 $a20110915d1984 ||||0itac50 ba 101 | $aita 102 $ait 181 1$6z01$ai $bxxxe 182 1$6z01$an 200 1 $aˆLe ‰relazioni industriali nei paesi CEE: il ruolo della Comunità$fMichele Colasanto, Gloria Pirzio Ammassari 210 $aMilano$cFranco Angeli$d©1984 215 $a130 p.$d22 cm. 225 | $aFondazione Giulio Pastore$i. Sezione Economia e sociologia del lavoro$v2 410 0$1001CFI0080184$12001 $aFondazione Giulio Pastore$i. Sezione Economia e sociologia del lavoro$v2$171202$aFondazione Giulio Pastore$3CFIV076917 606 $aRelazioni industriali$xPaesi della Comunità economica europea$2FIR$3SBLC004558$9I 606 $aComunità economica europea$xPolitica sociale$2FIR$3SBLC004559$9I 676 $a331$9ECONOMIA DEL LAVORO$v12 676 $a331$9ECONOMIA DEL LAVORO$v23 676 $a331.094$9ECONOMIA DEL LAVORO. EUROPA$v20 686 $a4171.2$cEUROPA UNITA CEE 1968-1989$2R 686 $a430.0$cSTORIA ECONOMICA E SOCIALE 1968-1989$2R 686 $a430.2$cINDUSTRIA 1968-1989$2R 686 $a430.6$cLAVORO 1968-1989$2R 686 $aIT/4432.6$cRELAZIONI INDUSTRIALI ITALIA 1968-1989$2R 686 $aIT/4436.0$cLAVORO SINDACATI DEI LAVORATORI ITALIA 1968-1989$2R 700 1$aColasanto$b, Michele$3CFIV060066$4070$0105800 701 1$aPirzio Ammassari$b, Gloria$3LO1V000255$4070$0105801 790 1$aPirzio$b, Gloria$3LO1V031295$zPirzio Ammassari, Gloria 790 1$aAmmassari$b, Gloria$3LO1V031296$zPirzio Ammassari, Gloria 801 3$aIT$bIT-000000$c20110915 850 $aIT-BN0095 901 $bNAP 01$cPOZZO LIB.$nVi sono collocati fondi di economia, periodici di ingegneria e scienze, periodici di economia e statistica e altri fondi comprendenti documenti di economia pervenuti in dono. 912 $aMIL0073488 950 0$aBiblioteca Centralizzata di Ateneo$c1 v.$d 01POZZO LIB.F. SANTI 721$e 0101 0060033955E VMA 1 v. (Precedente collazione S 656)$fB $h20221118$i20221118 977 $a 01 996 $aRelazioni industriali nei paesi CEE: il ruolo della Comunità$92965005 997 $aUNISANNIO